000 00240 a2200085 4500
245 0 _aProverka statisticeskich gipotez /
_cProchorova Ju.V..
250 _aIzd.2 ispr..
710 2 _aNauka.
_eWydawca
_4pbl
260 _aMoskva :
_bNauka,
_c1979.
300 _a408 s.;
_c24 cm.
999 _c9404
_d9404